[Event "World Junior U20 Open 2018"]
[Site "Gebze"]
[Date "2018.09.11"]
[Round "7.19"]
[White "Gorshtein, Ido"]
[Black "Xu, Xiangyu"]
[Result "1/2-1/2"]
[WhiteElo "2383"]
[BlackElo "2586"]
[Annotator "TA"]
[PlyCount "60"]
[EventDate "2018.09.05"]
[EventType "swiss"]
[EventCountry "TUR"]
[SourceTitle "playchess.com"]
[Source "ChessBase"]
[SourceQuality "1"]

{[%evp 9,60,33,30,32,38,34,42,41,39,33,35,6,44,52,45,39,52,5,13,10,12,15,15,10,32,0,0,0,8,0,0,0,6,0,0,0,14,16,13,12,24,14,30,16,21,5,16,11,21,8,29,0,0]} 1. e4 e5 2. Nf3 Nc6 3. Bb5 Nge7 4. c3 a6 5. Ba4 g6 6. d4 {C70: Ruy Lopez: 3...a6 4 Ba4, Norwegian and Delayed Schliemann} exd4 7. cxd4 b5 8. Bc2 {White is slightly better.} Bg7 9. O-O O-O (9... d5 10. exd5 Nb4 11. Bb3 Nbxd5 12. Nc3 O-O 13. Re1 h6 14. h3 Nxc3 15. bxc3 Bb7 16. Ne5 {½-½ (40) Caruana,F (2816)-Giri,A (2782) Leuven 2018}) 10. Nc3 d6 11. h3 Bb7 12. Re1 Na5 13. b3 $146 ({Predecessor:} 13. Bf4 Rc8 14. Qe2 Re8 15. Rad1 Nc4 16. Bb3 Na5 17. Bc2 {½-½ (80) Tokhirjonova,G (2286)-Kassimov,B (2401) Almaty 2016}) 13... c5 $1 14. Be3 Rc8 15. Ne2 Nac6 16. Rc1 Qa5 (16... cxd4 {keeps more tension.} 17. Nexd4 Ne5 18. Bg5 Re8 19. Bb1 Rxc1 20. Qxc1 Qc8) 17. Bb1 (17. dxc5 {is more complex.} dxc5 18. Qd6 Rfd8 19. Qf4 Nd4 20. Nexd4 cxd4 21. Bd2) 17... cxd4 18. Nexd4 Nxd4 19. Bxd4 Rxc1 20. Qxc1 Bxd4 21. Nxd4 Rc8 22. Qe3 Qc3 23. Qxc3 Rxc3 24. Rd1 Rc5 25. Ne2 Nc8 26. f3 Kf8 27. Kf2 Ke7 28. Ke3 Nb6 29. Bd3 Nd7 30. Rc1 Rxc1 {Precision: White = 61%, Black = 66%.} 1/2-1/2

[Event "World Junior U20 Open 2018"]
[Site "Gebze"]
[Date "2018.09.11"]
[Round "7.20"]
[White "Nikitenko, Mihail"]
[Black "Repka, Christopher"]
[Result "1/2-1/2"]
[WhiteElo "2368"]
[BlackElo "2523"]
[Annotator "TA"]
[PlyCount "81"]
[EventDate "2018.09.05"]
[EventType "swiss"]
[EventCountry "TUR"]
[SourceTitle "playchess.com"]
[Source "ChessBase"]
[SourceQuality "1"]

{[%evp 19,81,32,44,0,-8,-4,0,0,-12,-68,-72,-61,-75,-94,-91,-78,-86,-75,-45,-55,-56,-125,-120,-107,-33,-181,-188,-227,-217,-195,-202,-191,-92,-92,-92,-92,-89,-92,-92,-92,-85,-84,-89,-194,-42,-44,0,0,0,-45,-50,-53,-39,-1289,-1275,-1160,0,-16,0,-1009,0,0,0,0]} 1. e4 c6 2. Nf3 d5 3. Nc3 Nf6 4. e5 Ne4 5. Ne2 Qb6 6. d4 {B11: Caro-Kann: Two Knights Variation} e6 7. Nfg1 (7. Ng3 c5 8. Bd3 Nc6 9. Nxe4 dxe4 10. Bxe4 cxd4 11. O-O Bd7 12. a3 h6 13. Re1 {1-0 (71) Short,N (2675)-Caruana,F (2827) Caleta 2017 CBM 177 [Sumets,A]}) 7... f6 8. f3 Ng5 9. exf6 gxf6 10. f4 Nf7 {LiveBook: 47 Games} 11. Ng3 $146 ({Better is} 11. Nf3 $14) ({Predecessor:} 11. Nf3 Be7 12. Ng3 c5 13. f5 {½-½ (33) Artemiev,V (2650)-Donchenko,A (2501) Baku 2014}) 11... c5 $11 {[%cal Bc6c5,Bc5d4][%mdl 32]} 12. Nh5 Be7 13. Nf3 Nc6 {[%cal Rc5d4]} 14. f5 (14. dxc5 $11 Qxc5 15. c3) 14... Nxd4 $15 15. Nxd4 cxd4 16. Ng7+ Kf8 17. Nxe6+ Bxe6 18. fxe6 Bb4+ 19. Bd2 Re8 $36 {[%mdl 2048] White is under pressure.} 20. Bxb4+ (20. Bd3 $15) 20... Qxb4+ $17 21. Kf2 Ng5 (21... Ne5 $1 $17 {Hoping for ...Rg8.} 22. a3 Qxb2) 22. g3 (22. Bd3 $1 $15) 22... h5 {[%cal Bh7h5,Bh5h4][%mdl 32]} (22... Nxe6 23. Bd3 $11) 23. a3 Qb6 (23... Qxb2 24. Bd3 $17) 24. Bd3 h4 ({Resist} 24... Rxe6 25. Rf1 $17) (24... Qxe6 25. Re1 $15) (24... Qxb2 25. Rb1 $11) 25. Re1 Rxe6 (25... hxg3+ $19 26. hxg3 Rxe6) 26. Qg4 hxg3+ 27. hxg3 {[#]} Ne4+ $1 {[%mdl 512]} 28. Bxe4 dxe4 ({Of course not} 28... Rxe4 $6 29. Qc8+ Kg7 30. Qd7+ Kg6 31. Rxe4 $11) 29. Rxe4 Rc6 30. Kf3 {And now Qd7 would win.} Rxc2 31. Qf4 (31. Qg6 $17 {was worth a try.} Qb3+ 32. Kg4) 31... Qb3+ $2 (31... Qc6 $19 32. Rae1 d3) 32. Kg4 $15 Qg8+ 33. Kf3 {Qd6+ would kill now.} Qb3+ 34. Kg4 Qf7 {[%csl Gh8][%cal Rf7h5]} 35. Qd6+ Kg8 36. Kf3 $2 {[%mdl 8192]} (36. Rf1 $15) 36... Qb3+ $19 37. Kg4 {[#]} Qf7 $2 ({And not} 37... f5+ 38. Kg5 $11) ({Black should play} 37... Qb5 $1 $19 {[%cal Rb5h5]} 38. Qxd4 f5+ 39. Kf4 fxe4) 38. Kf3 $11 Qb3+ $2 {[%mdl 8192]} (38... Rhh2 $11 39. Rf1 Rc7 40. Qxd4 f5 41. Qd8+ Kh7 42. Rh4+ Rxh4 43. Qxh4+ Kg6) 39. Kg4 $19 {[#]} f5+ $2 (39... Qb5 $1 $19 {[%cal Rb5h5] ( -> ...Qh5+)} 40. Qxd4 f5+ 41. Kf4 fxe4) 40. Kg5 $11 {White wants to mate with Qg6+.} Rh5+ 41. Kxh5 {Precision: White = 42%, Black = 56%.} 1/2-1/2

[Event "World Junior U20 Open 2018"]
[Site "Gebze"]
[Date "2018.09.11"]
[Round "7.21"]
[White "Yakubboev, Nodirbek"]
[Black "Macovei, Andrei"]
[Result "1-0"]
[WhiteElo "2521"]
[BlackElo "2385"]
[Annotator "TA"]
[PlyCount "137"]
[EventDate "2018.09.05"]
[EventType "swiss"]
[EventCountry "TUR"]
[SourceTitle "playchess.com"]
[Source "ChessBase"]
[SourceQuality "1"]

{[%evp 17,137,4,19,0,31,31,29,30,31,21,31,31,31,31,31,31,31,31,22,13,14,10,20,14,22,18,31,31,37,25,34,7,48,43,50,46,68,50,62,70,83,63,90,89,105,89,114,112,121,27,27,35,27,27,31,28,49,54,60,15,89,53,89,74,105,96,100,100,143,118,138,109,107,108,112,112,105,104,106,114,113,110,115,120,115,122,993,971,1084,375,342,0,1006,1000,950,966,1138,1039,1032,975,917,839,1537,1518,992,781,29967,29967,29972,29974,29962,5754,29975,29976,29965,29965,29968,29969,29982,29982,29966,183]} 1. d4 Nf6 2. c4 e6 3. Nc3 Bb4 4. Qc2 d5 5. cxd5 Qxd5 6. Nf3 Qf5 7. Qb3 Nc6 {E34: Nimzo-Indian: Classical: 4...d5} 8. Bd2 a5 (8... O-O 9. h3 a5 10. g4 Qg6 11. a3 a4 12. Qc4 Bxc3 13. Bxc3 Nd5 14. Rc1 f6 15. Rg1 {0-1 (53) Morozevich,A (2665)-Karjakin,S (2763) Moscow 2018}) 9. a3 a4 {LiveBook: 3 Games. The position is equal.} 10. Qc4 Bxc3 11. Bxc3 O-O 12. e3 Bd7 $146 ({Predecessor:} 12... e5 13. dxe5 Be6 14. Qf4 Ne4 15. Bd3 Qxf4 16. exf4 Nxc3 17. bxc3 {1-0 (48) Deac,B (2575)-Gavrilescu,D (2442) Olanesti 2018}) 13. Bd3 Na5 14. Bxf5 Nxc4 15. Bd3 Nd6 16. Ne5 Bb5 17. Bb4 {Hoping for Bxb5.} Bxd3 18. Nxd3 Nd5 19. Rc1 Rfc8 20. Ke2 Nxb4 21. Nxb4 Kf8 22. Rc5 Ke7 23. Rhc1 c6 24. f3 f5 25. Nd3 Rd8 26. h4 {[%cal Bh2h4,Bh4h5][%mdl 32]} Nb5 27. Rg1 g6 28. g4 Rg8 29. Re5 Nc7 30. Kf2 Kf7 31. h5 Rgd8 32. Rc5 Kf6 33. Ne5 (33. f4 $16) 33... f4 $11 34. g5+ Kg7 $1 35. hxg6 hxg6 36. Rh1 fxe3+ 37. Kxe3 Nd5+ 38. Kd3 Rh8 (38... Rf8 $11) 39. Rxh8 $1 $16 Rxh8 {[%mdl 4096] Endgame KRN-KRN} 40. Ra5 $1 {[%cal Ra5a7] Black must now prevent Ra7.} Rh2 41. Rxa4 Rxb2 42. Ra7 Rb6 43. Kc4 Ne3+ 44. Kc3 Nd5+ 45. Kc2 Ne3+ {[#]} 46. Kd2 $1 {[%cal Rd2e3]} Nf5 47. Kc3 Rb1 48. a4 {[%cal Ba3a4,Ba4a5][%mdl 32]} Nd6 49. Ra8 Nf7 {[#]} 50. f4 $1 Nxe5 51. fxe5 {KR-KR} b5 $2 {[%mdl 8192]} (51... b6 $16 52. Rb8 Rc1+ 53. Kd2 Ra1) 52. a5 $18 Rc1+ 53. Kb3 $2 (53. Kb2 Rc4 54. Rc8 Rb4+ 55. Kc3 Rc4+ 56. Kb3) 53... Rb1+ 54. Kc3 $2 (54. Ka3) 54... Rc1+ 55. Kb2 Rc4 56. Rc8 Rb4+ 57. Kc3 Rc4+ 58. Kb3 Ra4 59. Rxc6 Rxa5 60. Rxe6 Ra4 61. Kc3 Ra3+ 62. Kb4 Rg3 63. Re7+ Kf8 64. Rb7 Rxg5 65. Kxb5 {White mates.} Rg1 66. Kc6 g5 67. e6 g4 68. Kd7 Re1 69. Rb8+ {Precision: White = 77%, Black = 32%.} 1-0

[Event "World Junior U20 Open 2018"]
[Site "Gebze"]
[Date "2018.09.11"]
[Round "7.22"]
[White "Bellahcene, Bilel"]
[Black "Agmanov, Zhandos"]
[Result "1-0"]
[WhiteElo "2501"]
[BlackElo "2379"]
[Annotator "TA"]
[PlyCount "161"]
[EventDate "2018.09.05"]
[EventType "swiss"]
[EventCountry "TUR"]
[SourceTitle "playchess.com"]
[Source "ChessBase"]
[SourceQuality "1"]

{[%evp 21,161,-15,-12,-13,0,0,0,-7,-6,-14,0,0,0,0,0,0,0,-6,-11,-11,-6,-20,-9,-8,-2,-5,-3,-12,0,0,0,-15,0,0,0,-75,-33,-67,-33,-35,0,0,0,0,0,0,0,0,41,7,7,11,10,0,66,19,67,72,81,79,118,108,123,112,135,81,90,53,110,105,94,86,102,100,87,91,96,104,107,83,122,123,130,130,113,106,93,61,61,61,80,67,71,45,70,69,114,92,84,71,79,75,102,80,80,70,97,97,205,83,79,71,93,91,171,171,742,778,414,406,966,862,670,356,2081,352,325,325,466,444,496,563,521,495,703,677,671,607,708,665,813,804]} 1. e4 c6 2. d4 d5 3. Nc3 dxe4 4. Nxe4 Bf5 5. Ng3 Bg6 6. Nh3 Nf6 7. Nf4 e5 8. Nxg6 hxg6 9. dxe5 Qa5+ 10. c3 {B18: Classical Caro-Kann: 4...Bf5 sidelines} (10. Bd2 Qxe5+ 11. Qe2 Nbd7 12. Qxe5+ Nxe5 13. f4 Ned7 14. O-O-O Bc5 15. Re1+ Kf8 16. Bd3 Re8 17. Rxe8+ Kxe8 18. h3 Bf2 19. Ne4 Nxe4 20. Bxe4 {½-½ (33) Mista,A (2588)-Miton,K (2612) Germany 2017}) 10... Qxe5+ 11. Be2 Nbd7 {LiveBook: 3 Games} 12. Be3 {The position is equal.} Bc5 13. Bxc5 Nxc5 14. O-O O-O 15. Qc2 Rad8 16. Rad1 $146 a5 17. h3 a4 18. Bc4 Qf4 19. Rd4 Rxd4 20. cxd4 Nce4 21. Ne2 Qd2 22. Bd3 $132 {[%mdl 2048] White is not keeping still} Qxc2 23. Bxc2 Ra8 24. a3 Nd2 25. Rc1 Nd5 26. Bd1 Re8 27. Rc2 Nb3 28. Kh2 (28. Rc4 $11) 28... Nb6 29. Rc3 Nd2 30. Rc2 Nbc4 31. Nc3 $1 Rd8 32. Nxa4 Rxd4 {Strongly threatening ...Nf1+.} 33. Be2 b5 34. Nc5 Rd5 35. Nd3 Rd6 36. Nc1 Nb6 37. g3 Ndc4 (37... g5 $11) 38. Kg2 (38. a4 $5) 38... Kf8 {[#]} 39. a4 $1 {[%mdl 512]} Ke7 (39... bxa4 40. Bxc4) 40. b3 Na3 41. Ra2 b4 42. Nd3 Nd5 43. Rb2 (43. Bf1 $142 $1) 43... Rd8 44. Ne5 Rc8 ({Black should try} 44... Rd6 $14) 45. Bf3 Ke6 {[#]} 46. Nxg6 $1 {[%mdl 512]} Kd6 (46... fxg6 47. Bg4+) 47. Nf4 Nxf4+ 48. gxf4 $16 {[%mdl 4096] Endgame KRB-KRN} c5 49. Rd2+ Kc7 50. a5 c4 51. bxc4 $1 Nxc4 52. Rd5 $1 Na3 53. a6 Ra8 54. Rd4 Rxa6 {aiming for ...b3.} 55. Rxb4 {Black must now prevent Rb7+.} Rb6 56. Re4 {And now Re7+ would win.} Kd8 57. Be2 Nc2 58. Bd1 Nb4 59. Bb3 f5 60. Re3 Nc6 61. Kg3 Rb4 62. Bf7 Nd4 63. Kh4 Rb7 64. Bg6 (64. Bg8 {looks sharper.} Rb1 65. Rd3 Rb4 66. Kg5 Ke7 67. Bd5) 64... Re7 (64... Kd7 $16) 65. Rd3 (65. Kg5 $18 {and White stays clearly on top.}) 65... Rd7 66. Ra3 Ke7 {[#]} 67. Kg5 $1 Rc7 (67... Rd5 $16) 68. Re3+ $18 Ne6+ $2 (68... Kd8 69. Rd3 Rd7) 69. Kxf5 Rc5+ 70. Re5 Kd6 (70... Rxe5+ $142 71. fxe5 Nf8) 71. Bf7 Nd4+ 72. Ke4 Nc6 $2 (72... Rc7 73. Bh5 (73. Kxd4 Rxf7 74. Ke4 Rf8 $18) 73... Nc6 74. Rd5+ Ke7) 73. Re6+ $2 (73. Rxc5 Kxc5 74. Kf5) 73... Kd7 74. Rg6 Ne7 (74... Rc2 {was called for.} 75. Be6+ Ke8 76. Rxg7 Re2+ 77. Kd5 Nd8) 75. Rxg7 {White is clearly winning.} Nf5 76. Rh7 Nd6+ 77. Kd4 Ra5 (77... Kc6 $142 78. Rh5 Nb5+ 79. Kd3 Rxh5) 78. Bd5+ Ke8 79. h4 Nf5+ {[#]} 80. Ke4 $1 {[%cal Re4f5]} Ne7 81. Be6 {Precision: White = 64%, Black = 44%.} 1-0

[Event "World Junior U20 Open 2018"]
[Site "Gebze"]
[Date "2018.09.11"]
[Round "7.23"]
[White "Priasmoro, Novendra"]
[Black "Percivaldi, Martin"]
[Result "0-1"]
[WhiteElo "2498"]
[BlackElo "2376"]
[Annotator "TA"]
[PlyCount "180"]
[EventDate "2018.09.05"]
[EventType "swiss"]
[EventCountry "TUR"]
[SourceTitle "playchess.com"]
[Source "ChessBase"]
[SourceQuality "1"]

{[%evp 15,180,22,26,6,24,18,31,21,10,-8,-4,-1,0,-6,3,5,6,-20,-24,-34,-27,-36,-28,-29,-38,-36,-28,-54,-33,-48,-27,-60,-50,-57,-59,-78,-81,-90,-75,-102,-89,-99,-77,-84,-49,-49,-49,-53,-25,-64,-55,-72,13,0,0,-54,-68,-64,-47,-61,0,0,0,0,0,-102,-102,-102,-110,-102,-105,-112,-112,-112,-112,-112,-112,-102,-102,-239,-220,-220,-203,-220,-208,-191,-160,-291,-262,-262,-168,-168,-168,-171,-171,-2058,-2295,-2213,-2190,-2336,-2034,-2027,-1989,-1958,-447,-1903,-1869,-1305,-1156,-1398,-1249,-1233,-931,-784,-507,-640,-648,-1222,-1162,-906,-397,-29968,-29969,-29969,-29970,-29970,-29970,-29970,-29968,-29972,-29973,-29974,-29968,-29971,-29972,-29974,-29975,-29975,-29975,-29978,-29979,-29979,-29975,-29981,-29981,-29983,-29984,-29984,-29985,-29985,-29986,-29986,-29987,-29987,-29988,-29988,-29988,-29988,-29989,-29989,-29990,-29990,-29991,-29991,0,-29991,-29992]} 1. Nf3 d5 2. g3 Nc6 3. d4 Bf5 4. Bg2 Nb4 5. Na3 {[%cal Bb1a3,Ba3c2,Bc2e1,Be1d3,Bd3e5][%mdl 32]} e6 6. O-O h6 {D02: 1 d4 d5 2 Nf3 sidelines, including 2...Nf6 3 g3 and 2...Nf6 3 Bf4} 7. c3 (7. Ne5 Bd6 8. c3 Bxe5 9. dxe5 Nc6 10. c4 Nge7 11. cxd5 exd5 12. Nb5 O-O 13. Nd4 Nxd4 14. Qxd4 {0-1 (54) Vachier Lagrave,M (2789)-Bosiocic,M (2624) Riadh 2017}) 7... Nc6 8. Nc2 Be4 {LiveBook: 3 Games. The position is equal.} 9. Nce1 Nf6 10. Nd3 Be7 $146 ({Predecessor:} 10... Bd6 11. b4 a6 12. Nc5 Bxc5 13. bxc5 O-O 14. Bf4 {½-½ (38) Hausrath,D (2491)-Bluhm,S (2255) Vlissingen 2017}) 11. b4 O-O 12. Bh3 Bh7 13. a4 a5 {[%cal Ra5b4]} 14. b5 Nb8 15. Nde5 c5 16. bxc6 Nxc6 17. Qb3 Ne4 18. Be3 Rc8 19. Rfc1 Nxe5 20. Nxe5 Bf6 21. Nd3 Nd6 22. Bf4 Bg5 23. Bxd6 Qxd6 24. f4 Bf6 25. Ne5 Bxe5 26. fxe5 Qe7 27. Rf1 Rc6 28. Qb2 Rfc8 29. Ra3 Qc7 {[%cal Rc6c3]} 30. Rb3 b6 {[%cal Rc6c3]} 31. Rc1 $1 Rc4 {Black wants to play ...Rxd4!} 32. Rxb6 Rxa4 33. Bf1 {[#]} Rc4 (33... Ra2 $1 $17 {[%mdl 512]} 34. Qxa2 Qxb6) 34. e3 Rc6 35. Rb7 (35. Rxc6 $1 $11 Qxc6 36. c4) 35... Qd8 $15 36. h4 Be4 $36 {[%mdl 2048] Black has the initiative.} 37. Ra7 Qb6 (37... f6 $15) 38. Qxb6 $11 Rxb6 39. Rxa5 Rb2 40. c4 (40. h5 $11) 40... dxc4 $17 41. Rxc4 Rxc4 42. Bxc4 {[%mdl 4096] Endgame KRB-KRB} Rg2+ 43. Kf1 {next Bd3 is good for White.} Rxg3 44. Be2 Rxe3 45. Kf2 Rc3 46. h5 g5 47. Rc5 (47. hxg6 $17 Bxg6 48. Rc5) 47... Ra3 48. Rc8+ Kg7 49. Bg4 Bd5 50. Be2 Rh3 51. Rb8 (51. Rc7 $17) 51... Rh4 52. Rb4 Rf4+ 53. Kg3 Be4 54. Rc4 Bf5 55. d5 $2 (55. Rb4) 55... Rxc4 $19 56. Bxc4 exd5 57. Bxd5 {KB-KB} Bc2 58. Bf3 Kf8 59. Bg4 Ke7 (59... Bb3 $142 60. Be2 Ke7) 60. Kf2 Bb3 61. Ke3 Be6 62. Be2 Bh3 63. Ke4 Bd7 64. Ke3 Bc6 65. Bg4 Bd5 66. Be2 Ke6 67. Kd4 Bb7 (67... Bb3 $142 68. Ke4 f5+ 69. exf6 Kxf6) 68. Bg4+ $2 (68. Bc4+ $19 Ke7 69. Ke3) 68... f5 69. exf6+ Kxf6 70. Ke3 Ke5 71. Bh3 Bd5 72. Bg4 Be6 73. Be2 Kf5 74. Bd3+ Kg4 75. Bg6 Kh4 76. Kf2 Bg4 77. Kg2 Bxh5 78. Be4 Be8 79. Bf3 h5 {[%cal Bh6h5,Bh5h4,Bh4h3][%mdl 32]} 80. Kh2 g4 81. Bg2 Kg5 82. Bh1 Kf4 83. Bg2 h4 84. Bb7 Bd7 85. Bd5 Bf5 86. Bc6 g3+ 87. Kg1 h3 88. Bh1 Be4 89. Bg2 Bf5 $2 (89... h2+ {mates} 90. Kf1 Bxg2+ 91. Kxg2 {[#]} h1=Q+ $1 {[%mdl 512]} 92. Kxh1 Kf3 93. Kg1 g2 94. Kh2 Kf2 95. Kh3 g1=Q 96. Kh4 Qg6 97. Kh3 Qh5#) 90. Bf1 $2 {[%mdl 8192]} (90. Bh1 $11 Be4 91. Bg2 h2+ 92. Kf1 Bxg2+ 93. Kxg2 h1=Q+ 94. Kxh1 Kf3 95. Kg1 g2 96. Kh2 Kf2 97. Kh3 g1=Q 98. Kh4 Qg6 99. Kh3 Qh5#) 90... Bc8 {Precision: White = 39%, Black = 73%.} 0-1

[Event "World Junior U20 Open 2018"]
[Site "Gebze"]
[Date "2018.09.11"]
[Round "7.24"]
[White "Lorparizangeneh, Shahin"]
[Black "Murphy, Conor E"]
[Result "1/2-1/2"]
[WhiteElo "2491"]
[BlackElo "2357"]
[Annotator "TA"]
[PlyCount "73"]
[EventDate "2018.09.05"]
[EventType "swiss"]
[EventCountry "TUR"]
[SourceTitle "playchess.com"]
[Source "ChessBase"]
[SourceQuality "1"]

{[%evp 9,73,2,10,8,8,0,1,0,3,0,12,9,30,16,107,99,106,107,102,99,99,91,77,39,30,0,0,11,26,10,6,15,85,77,95,89,81,0,0,0,0,0,0,0,0,0,0,0,0,0,0,0,0,0,0,0,0,0,10,0,0,0,7,0,0,0]} 1. d4 d5 2. Bf4 e6 3. e3 Bd6 4. Nf3 Bxf4 5. exf4 Ne7 6. Nbd2 {D02: Damenbauernspiele} b6 7. c3 O-O 8. b4 $146 ({Vorgänger:} 8. Bd3 Ba6 9. Qe2 Bxd3 10. Qxd3 Nd7 11. O-O c5 12. Rfe1 Rc8 13. Ne5 cxd4 14. cxd4 Nxe5 15. fxe5 {0-1 (59) Carrion,M (2224)-Luther,T (2575) Santo Domingo 2003}) 8... c5 9. Bd3 g6 10. g3 Nf5 11. O-O Nc6 (11... Ba6 $11 {bleibt in der Remisbreite.} 12. b5 Bb7) 12. bxc5 $16 bxc5 13. dxc5 Qa5 14. Nb3 Qxc3 15. Bxf5 gxf5 16. Nfd4 (16. Rc1 {feels hotter.} Qg7 17. Nbd4 Bd7 18. Ne5 Nxe5 19. fxe5 Qxe5 20. c6) 16... Nxd4 $1 17. Qxd4 (17. Rc1 {with more complications.} Nf3+ 18. Kg2 Nh4+ 19. Kh3 Qb2 20. Rc2) 17... Qxd4 18. Nxd4 Ba6 19. Rfb1 Rfc8 20. c6 Rc7 (20... Rab8 $11) 21. Rb4 Rac8 22. Rab1 (22. Kg2 {is interesting.} Kf8 23. Re1 Bd3 24. Rb3 Bc4 25. Rb2) 22... Kf8 23. Ra4 ({Lieber} 23. Re1 $16) 23... Bc4 $11 {Die Stellung ist ausgeglichen.} 24. Rb7 a6 25. Kg2 Ke7 26. Kf3 Kd6 27. Rb1 Bd3 28. Rb3 Bc4 29. Rb1 Bd3 30. Rd1 Bb5 31. Ra3 Bc4 32. Rb1 $1 Kc5 33. Ke3 Kd6 34. Kf3 Kc5 35. Ke3 $1 Kd6 36. Kd2 Kc5 37. Ke3 {Precision: Weiß = 54%, Schwarz = 74%.} 1/2-1/2

[Event "World Junior U20 Open 2018"]
[Site "Gebze"]
[Date "2018.09.11"]
[Round "7.25"]
[White "Schitco, Ivan"]
[Black "Sadikhov, Ulvi"]
[Result "1/2-1/2"]
[WhiteElo "2358"]
[BlackElo "2491"]
[Annotator "TA"]
[PlyCount "80"]
[EventDate "2018.09.05"]
[EventType "swiss"]
[EventCountry "TUR"]
[SourceTitle "playchess.com"]
[Source "ChessBase"]
[SourceQuality "1"]

{[%evp 11,80,52,51,28,22,20,36,19,42,35,46,39,81,50,65,60,86,63,87,85,76,58,81,77,81,72,69,44,47,33,40,37,41,50,48,38,72,0,57,0,67,47,40,44,63,45,105,123,143,104,161,102,95,108,107,76,86,70,164,34,91,30,35,33,32,48,35,15,55,30,33]} 1. d4 d6 2. e4 Nf6 3. Bd3 c5 4. c3 Qc7 5. Ne2 g6 6. O-O Bg7 {LiveBook: 9 Games} 7. a3 $146 {B07: Pirc Defence: Miscellaneous Systems} ({Predecessor:} 7. h3 O-O 8. Be3 b6 9. Nd2 Ba6 10. Bxa6 Nxa6 11. a3 Rac8 12. Rc1 Qb7 {½-½ (12) Pap,M (2482)-Todorovic,G (2458) Belgrade 2017}) 7... O-O 8. b4 b6 9. f3 {White is slightly better.} Nfd7 10. Be3 Nc6 11. Nd2 e5 {[%cal Re5d4]} 12. d5 Ne7 13. a4 Rb8 14. Qb3 h5 15. Rfb1 Kh7 16. a5 Bh6 17. Bxh6 Kxh6 18. axb6 axb6 19. Bb5 f5 20. Ra2 Nf6 21. Rba1 Bb7 22. c4 f4 23. Ba6 Ba8 24. Bb5 Bb7 25. Ba6 (25. Nc3 $14) 25... g5 ({Better is} 25... Ba8 $1 $11) 26. Bxb7 Rxb7 27. Nc3 $36 {[%mdl 2048] Black is under pressure.} Nc8 28. Nb5 Qg7 (28... Qe7 $14) 29. Ra8 $16 Rd7 30. Rb8 g4 {[#]} (30... Ng8 $16 31. Ra6 Nge7 32. bxc5 bxc5) 31. Raa8 (31. bxc5 $1 $18 {Threatens to win with c6.} bxc5 32. Raa8) 31... Qg8 32. bxc5 bxc5 33. Ra6 Kh7 34. Qa3 Rg7 (34... Rfd8 $14) 35. Nf1 (35. Rc6 $18) 35... Nd7 ({Black should play} 35... Rd8 $14) 36. Rxc8 (36. Rb7 $16) 36... Rxc8 $11 37. Nxd6 {[#] Hoping for Nf5.} Rf8 $1 38. Nf5 {[%csl Gf5][%cal Ra6h6][%mdl 1024] White has compensation.} Rg6 $1 39. Ra7 Rf7 40. Ra8 Rf8 $1 {Precision: White = 40%, Black = 43%.} 1/2-1/2

[Event "World Junior U20 Open 2018"]
[Site "Gebze"]
[Date "2018.09.11"]
[Round "7.26"]
[White "Schekachikhin, Maksim"]
[Black "Sargsyan, Shant"]
[Result "1-0"]
[WhiteElo "2356"]
[BlackElo "2477"]
[Annotator "TA"]
[PlyCount "85"]
[EventDate "2018.09.05"]
[EventType "swiss"]
[EventCountry "TUR"]
[SourceTitle "playchess.com"]
[Source "ChessBase"]
[SourceQuality "1"]

{[%evp 24,85,-33,-32,-18,-67,-66,-62,-17,-24,0,-7,-8,0,0,0,42,38,34,33,32,39,34,29,30,18,277,260,252,280,349,142,171,129,129,87,86,0,16,15,33,41,85,34,56,43,78,102,198,193,200,200,200,38,18,18,200,95,1512,1468,29989,29990,29989,29990]} 1. d4 Nf6 2. c4 e6 3. Nf3 d5 4. Nc3 Bb4 5. g3 O-O 6. Bg2 dxc4 7. O-O Nc6 8. a3 Be7 9. e4 {E20: Nimzo-Indian: 4 g3 and 4 f3} Na5 10. Be3 c6 (10... Rb8 11. Qe2 b5 12. Rad1 a6 13. d5 Qe8 14. Rfe1 Nb3 15. Bf4 Rb7 16. h3 Nc5 17. dxe6 fxe6 {0-1 (45) Onischuk,A (2662)-Karjakin,S (2762) Baku 2015}) 11. Qe2 b5 12. Rad1 Bb7 13. Ne5 {LiveBook: 3 Games} Qc7 14. f4 Rad8 15. g4 Nd7 16. Nxd7 $146 ({Predecessor:} 16. g5 Nxe5 17. dxe5 Rxd1 18. Qxd1 {1-0 (47) Naoum,S (2146)-Galopoulos,N (2402) Athens 2012}) 16... Rxd7 17. e5 {[%cal Be4e5,Be5e6,Be6f7][%mdl 32]} c5 18. d5 exd5 19. Bxd5 b4 20. e6 {Strongly threatening Nb5.} Rdd8 21. exf7+ Kh8 $1 22. axb4 cxb4 23. Nb5 Qd7 24. Bxb7 $1 ({Don't go for} 24. Bxc4 $2 Qc6 $19) 24... Qxb5 $4 {[%mdl 8192]} (24... Qxb7 $11 25. Bf2 (25. Bxa7 $2 Rxd1 26. Rxd1 Nc6 $19) (25. Rxd8 Bxd8 26. Bc5 Bb6 $15) 25... Rxd1 26. Rxd1 c3) 25. Be4 $1 $18 Rxf7 26. g5 {Hoping for Qh5.} Nb3 27. Qh5 (27. Qg4 $1 $18) 27... g6 $16 28. Bxg6 $1 Rg7 29. Rxd8+ Bxd8 30. Be8 (30. Be4 $16) 30... Qf5 31. Ba4 $36 {[%mdl 2048] White has some pressure.} Qe4 32. Qf3 Re7 33. Qxe4 (33. Bxb3 $1 $16 {aiming for Bc5.} Qxe3+ 34. Qxe3 Rxe3 35. Bxc4) 33... Rxe4 $14 34. Bxa7 {Bc6 is the strong threat.} Bc7 35. f5 {Black must now prevent f6.} Rg4+ (35... Nd2 $16 36. Rf2 c3) 36. Kh1 $18 Rxg5 37. f6 Kg8 {[#]} 38. f7+ $2 (38. Be3 $1 $18 Rh5 39. Bxb3 cxb3 40. f7+ Kf8 41. Rf6) 38... Kf8 $14 39. Be3 Rh5 $2 {[#]} (39... Rg6 $1 $11 {and Black is okay.}) 40. Rf2 (40. Bxb3 $1 $18 cxb3 41. Rf6) 40... Nc5 $2 {[%mdl 8192]} (40... Bd6 $16) 41. Bd1 $18 Nd3 42. Bxh5 Nxf2+ 43. Kg2 {Precision: White = 58%, Black = 18%.} 1-0